000 01040nam0a2200289 4500
001 RU\NLR\bibl\1119166
005 20260406073333.0
010 _a978-5-17-007561-4
_bАСТ
010 _a978-5-9713-4993-8
_bАСТ Москва
_93000
021 _aRU
_b2007-46518
_92476
035 _a(NLR Aleph) 001106158
090 _a1209093
_c1209093
100 _a20070820d2007 |||y0rusy50 ca
101 1 _arus
_ceng
102 _aRU
105 _ay |||||||||
200 1 _aИгра престолов
_e[фантастический роман]
_fДжордж Мартин
_g[пер. с англ. Ю. Р. Соколова]
210 _aМосква
_cАСТ
_cАСТ Москва
_d2007
215 _a765, [1] с.
_d21
225 1 _aЗолотая серия фэнтези
700 1 _4070
_8rus
_7ca
_aМартин
_bД. Р. Р.
_f1948-
_gДжордж Рэймонд Ричард
_3RU\NLR\AUTH\7731549
_914559
801 0 _aRU
_bNLR
_c20070820
_gRCR
801 1 _aRU
_bNLR
_c20070820
942 _cBOOK
980 _aNB